000 00359 a2200169 4500
001 191897
020 _a978-85-260-2149-5
040 _cMagnum
100 _aMeireles, Cecíla
240 1 0 _aGiroflê, giroflá
_lpor
245 1 0 _aGiroflê, giroflá
300 _a61
362 0 _a2015
440 1 _aGlobal
697 _aLITERATURA JUVENIL
942 _cBK
999 _c191897
_d191897